000
00285nam a22001337a 4500
008
170505b xxu||||| |||| 00| 0 eng d
020
_a
9780028635972
041
_a
eng
080
_a
342
100
_a
15
101
_a
SHJ
245
_a
WILLS AND ESTATES
_c
MAPLE, S
942
_2
udc
_c
BK
999
_c
12733
_d
12733